<?xml version="1.0" encoding="UTF-8"?>
<collection xmlns="http://www.loc.gov/MARC21/slim">
<record>
  <controlfield tag="001">163339</controlfield>
  <controlfield tag="005">20251028143403.0</controlfield>
  <datafield tag="024" ind1="8" ind2=" ">
    <subfield code="2">innovaciondocente</subfield>
    <subfield code="a">5220</subfield>
  </datafield>
  <datafield tag="037" ind1=" " ind2=" ">
    <subfield code="a">INNODOC-2024-5220</subfield>
  </datafield>
  <datafield tag="041" ind1=" " ind2=" ">
    <subfield code="a">spa</subfield>
  </datafield>
  <datafield tag="100" ind1=" " ind2=" ">
    <subfield code="0">(orcid)0000-0003-0083-5940</subfield>
    <subfield code="a">Satústegui Dordá, Pedro José</subfield>
    <subfield code="e">coord.</subfield>
  </datafield>
  <datafield tag="245" ind1=" " ind2=" ">
    <subfield code="a">ELEVATOR MINDS - Desarrollo y evaluación de la inteligencia emocional en estudiantes de enfermería</subfield>
  </datafield>
  <datafield tag="260" ind1=" " ind2=" ">
    <subfield code="a">Zaragoza</subfield>
    <subfield code="b">Universidad de Zaragoza</subfield>
    <subfield code="c">2024</subfield>
  </datafield>
  <datafield tag="520" ind1="3" ind2=" ">
    <subfield code="a">  El proyecto de innovación e investigación docente que se somete a   consideración tiene como objetivo principal mejorar las competencias   transversales de los futuros graduados/as en enfermería. En concreto,   se pretende promover el desarrollo de la competencia transversal UZ/3   inteligencia emocional, en el contexto de la asignatura de Trabajo Fin   de Grado del Plan de Estudios que conduce a la obtención del título   de Graduado/a en Enfermería por la Universidad de Zaragoza.</subfield>
  </datafield>
  <datafield tag="700" ind1=" " ind2=" ">
    <subfield code="0">(orcid)0000-0002-8399-130X</subfield>
    <subfield code="a">Lucha López, Ana Carmen</subfield>
  </datafield>
  <datafield tag="700" ind1=" " ind2=" ">
    <subfield code="0">(orcid)0000-0002-3087-8899</subfield>
    <subfield code="a">Gasch Gallén, Ángel</subfield>
  </datafield>
  <datafield tag="700" ind1=" " ind2=" ">
    <subfield code="0">(orcid)0000-0002-1100-5793</subfield>
    <subfield code="a">Sanz Abós, Beatriz Esperanza</subfield>
  </datafield>
  <datafield tag="700" ind1=" " ind2=" ">
    <subfield code="0">(orcid)0000-0003-2887-7835</subfield>
    <subfield code="a">Navas Ferrer, Carlos</subfield>
  </datafield>
  <datafield tag="700" ind1=" " ind2=" ">
    <subfield code="0">(orcid)0000-0002-7854-8856</subfield>
    <subfield code="a">Alcaine González, Clara</subfield>
  </datafield>
  <datafield tag="700" ind1=" " ind2=" ">
    <subfield code="0">(orcid)0000-0002-5161-7479</subfield>
    <subfield code="a">Estebanez de Miguel, Elena</subfield>
  </datafield>
  <datafield tag="700" ind1=" " ind2=" ">
    <subfield code="0">(orcid)0000-0002-4753-630X</subfield>
    <subfield code="a">Echániz Serrano, Emmanuel</subfield>
  </datafield>
  <datafield tag="700" ind1=" " ind2=" ">
    <subfield code="0">(orcid)0000-0002-0187-8953</subfield>
    <subfield code="a">Tobajas Asensio, Enrique</subfield>
  </datafield>
  <datafield tag="700" ind1=" " ind2=" ">
    <subfield code="0">(orcid)0000-0001-6170-072X</subfield>
    <subfield code="a">Benito Ruiz, Eva</subfield>
  </datafield>
  <datafield tag="700" ind1=" " ind2=" ">
    <subfield code="0">(orcid)0000-0001-7049-8295</subfield>
    <subfield code="a">Urcola Pardo, Fernando</subfield>
  </datafield>
  <datafield tag="700" ind1=" " ind2=" ">
    <subfield code="0">(orcid)0000-0002-5089-7819</subfield>
    <subfield code="a">Subías Perié, Jorge</subfield>
  </datafield>
  <datafield tag="700" ind1=" " ind2=" ">
    <subfield code="0">(orcid)0000-0001-9722-8893</subfield>
    <subfield code="a">Tobajas Asensio, José Antonio</subfield>
  </datafield>
  <datafield tag="700" ind1=" " ind2=" ">
    <subfield code="0">(orcid)0000-0003-0053-1429</subfield>
    <subfield code="a">Granada López, José Manuel</subfield>
  </datafield>
  <datafield tag="700" ind1=" " ind2=" ">
    <subfield code="0">(orcid)0000-0003-1411-524X</subfield>
    <subfield code="a">Aguilón Leiva, Juan José</subfield>
  </datafield>
  <datafield tag="700" ind1=" " ind2=" ">
    <subfield code="0">(orcid)0000-0002-3472-5216</subfield>
    <subfield code="a">Rica Escuin, María Luisa de la</subfield>
  </datafield>
  <datafield tag="700" ind1=" " ind2=" ">
    <subfield code="0">(orcid)0000-0002-6455-119X</subfield>
    <subfield code="a">Fernández Rodrigo, María Teresa</subfield>
  </datafield>
  <datafield tag="700" ind1=" " ind2=" ">
    <subfield code="0">(orcid)0000-0002-9221-713X</subfield>
    <subfield code="a">Ariño Lapuente, Miguel</subfield>
  </datafield>
  <datafield tag="700" ind1=" " ind2=" ">
    <subfield code="0">(orcid)0000-0001-6899-5938</subfield>
    <subfield code="a">Seral Cortés, Miguel Máximo</subfield>
  </datafield>
  <datafield tag="700" ind1=" " ind2=" ">
    <subfield code="0">(orcid)0000-0003-0045-7871</subfield>
    <subfield code="a">Gómez Torres, Piedad</subfield>
  </datafield>
  <datafield tag="700" ind1=" " ind2=" ">
    <subfield code="0">(orcid)0000-0003-4061-9409</subfield>
    <subfield code="a">Martínez Santos, Yolanda</subfield>
  </datafield>
  <datafield tag="856" ind1="4" ind2=" ">
    <subfield code="s">94621</subfield>
    <subfield code="u">http://zaguan.unizar.es/record/163339/files/memoria_PICT_2024_5220.pdf</subfield>
    <subfield code="y">Memoria del proyecto</subfield>
  </datafield>
  <datafield tag="970" ind1=" " ind2=" ">
    <subfield code="a">INNODOC-2024-5220</subfield>
  </datafield>
  <datafield tag="980" ind1=" " ind2=" ">
    <subfield code="a">INNODOC</subfield>
    <subfield code="b">PICT</subfield>
  </datafield>
</record>
</collection>